Možnosti využitia IKT vo vzdelávaní študentov SŠ a VŠ = Information and communication technology in education students in secondary and higher education : Diplomová práca

Guardado en:
Detalles Bibliográficos
Autor principal: Šutiaková, Ingrid (Autor)
Otros Autores: Hrmo, Roman, 1964- (xxx)
Formato: Manuscrito Libro
Lenguaje:eslovaco
Publicado: Trnava : STU v Bratislave MTF UIPH, 2009
Materias:
Etiquetas: Agregar Etiqueta
Sin Etiquetas, Sea el primero en etiquetar este registro!

MARC

LEADER 00000ntm a22000003a 4500
001 stu183296
005 20160719154401.2
008 090420s2009----xo------------------slo-d
040 |a STU  |b slo 
041 0 |a slo 
044 |a xo 
100 1 |a Šutiaková, Ingrid  |4 aut  |X 1463  |7 1463 
245 1 |a Možnosti využitia IKT vo vzdelávaní študentov SŠ a VŠ = Information and communication technology in education students in secondary and higher education :  |b Diplomová práca 
260 |a Trnava :  |b STU v Bratislave MTF UIPH,  |c 2009 
300 |a 87 s  |c príl (1 CD-ROM) 
500 |a Študijný program: učiteľstvo technických profesijných predmetov 
500 |a Študijný odbor: 1.1.2 učiteľstvo profesijných predmetov a praktickej prípravy 
650 7 |a informačné technológie  |2 stusub 
650 7 |a komunikačné technológie  |2 stusub 
700 1 |a Hrmo, Roman,  |d 1964-  |4 xxx  |u M220  |U MTF Ústav inžinierskej pedagogiky a humatitných vied  |T MTF Katedra inžinierskej pedagogiky a psychológie  |X 230  |U M220  |Y M220  |7 A000000230 
996 |b 284M070265  |c M*DP-7911  |l MMSKP  |s P  |a 0  |w stu183296_0001